=LDR 00000nam 2200000 4500 =001 NUTBA000000000000608 =005 20240513105931 =035 ##$$a 0010-031400000000607 =008 240513################g##########0#ind## =082 ##$$a 338.04 =100 1#$$a Britt, Jim =245 1#$$a 12 strategi menjadi wirausahawan sukses dan kaya /$c JIM BRITT =260 ##$$a Jakarta :$b Raih Asa Sukses,$c 2010 =440 ##$$ado this, get rich1 =020 ##$$a 978-979-017-127-5 =084 ##$$a 338.04 BRI s =250 ##$$a cet.1 =300 ##$$a iv, 252 hlm : $b ilus ; $c 23 x 15 cm =650 #4$$a Manajemen =990 ##$$a 10441044